[Event "4NCL Division 2c"]
[Site "Hinckley Island ENG"]
[Date "2014.05.04"]
[Round "10.12"]
[White "Reid, John"]
[Black "Thomas, Nicholas"]
[Result "1-0"]
[WhiteElo "2158"]
[BlackElo "2296"]
[PlyCount "79"]
[EventDate "2014.05.04"]
[WhiteTeam "Hackney"]
[BlackTeam "Warwickshire Select 1"]

1. d4 e6 2. c4 Nf6 3. Nf3 Bb4+ 4. Nbd2 b6 5. a3 Bxd2+ 6. Qxd2 Bb7 7. e3 d6 8.
Be2 a5 9. b3 Nbd7 10. O-O O-O 11. Bb2 Qe7 12. b4 Ne4 13. Qc2 f5 14. d5 e5 15.
Rad1 axb4 16. axb4 c5 17. b5 g6 18. Ne1 Nef6 19. Nd3 Rfb8 20. f4 e4 21. Nf2 h5
22. Nh3 Nh7 23. Qc3 Qf6 24. Qb3 Qh4 25. Kh1 Ra7 26. Ng5 Nxg5 27. Qc3 Kf7 28. g3
Qh3 29. Qg7+ Ke8 30. fxg5 Kd8 31. Qxg6 Ra2 32. Rd2 Kc7 33. Qxf5 Qxf5 34. Rxf5
Ne5 35. Rxe5 Rxb2 36. Rxb2 dxe5 37. Bxh5 Rf8 38. Bg4 Bc8 39. Bxc8 Kxc8 40. Kg2
1-0

[Event "4NCL Division 2c"]
[Site "Hinckley Island ENG"]
[Date "2014.05.04"]
[Round "10.13"]
[White "Pitcher, John"]
[Black "Mackle, Dominic"]
[Result "0-1"]
[WhiteElo "2252"]
[BlackElo "2260"]
[PlyCount "68"]
[EventDate "2014.05.04"]
[WhiteTeam "Warwickshire Select 1"]
[BlackTeam "Hackney"]

1. e4 e6 2. d4 d5 3. e5 c5 4. c3 Nc6 5. Nf3 Qb6 6. Be2 Nh6 7. b3 cxd4 8. cxd4
Nf5 9. Bb2 Bb4+ 10. Kf1 Be7 11. Nc3 O-O 12. Rc1 f6 13. Na4 Qd8 14. a3 fxe5 15.
dxe5 Bd7 16. Kg1 Be8 17. h3 Rc8 18. Kh2 Nh4 19. Nxh4 Bxh4 20. Bg4 Qe7 21. b4 a6
22. Nc5 Nd8 23. f4 Rxf4 24. Nd3 Rxc1 25. Bxc1 Rf8 26. Be3 Qc7 27. g3 Be7 28.
Re1 Bg6 29. Nf4 Bf5 30. Bf3 g5 31. Nh5 Bc2 32. Qd2 Rxf3 33. Bxg5 Be4 34. Rc1
Qb6 0-1

[Event "4NCL Division 2c"]
[Site "Hinckley Island ENG"]
[Date "2014.05.04"]
[Round "10.14"]
[White "Lyell, Mark"]
[Black "Mason, Donald J"]
[Result "1/2-1/2"]
[WhiteElo "2228"]
[BlackElo "2212"]
[PlyCount "132"]
[EventDate "2014.05.04"]
[WhiteTeam "Hackney"]
[BlackTeam "Warwickshire Select 1"]

1. e4 e6 2. d4 d5 3. e5 c5 4. c3 Qb6 5. Nf3 Nc6 6. a3 f6 7. Bd3 fxe5 8. Nxe5
Nf6 9. O-O cxd4 10. cxd4 Bd6 11. Nxc6 bxc6 12. Nc3 Qxd4 13. Bg5 Qg4 14. Qd2 Qh5
15. Bf4 e5 16. Rae1 O-O 17. Bg3 Bd7 18. Be2 Qf7 19. Bd1 Rae8 20. Bb3 Kh8 21. f3
Bc8 22. Ne4 Nxe4 23. fxe4 Bc5+ 24. Bf2 Bxf2+ 25. Rxf2 Qxf2+ 26. Qxf2 Rxf2 27.
Kxf2 d4 28. Rc1 Bd7 29. Ba4 g5 30. Rc5 Re7 31. Ke1 Kg7 32. Bxc6 Bxc6 33. Rxc6
Rb7 34. b4 a5 35. bxa5 Rb3 36. Re6 Re3+ 37. Kd2 Rxe4 38. a6 Re3 39. a4 Ra3 40.
Rxe5 Rxa4 41. Re6 Kf7 42. Rh6 Kg7 43. Rc6 Ra3 44. Kc2 d3+ 45. Kd2 Kf7 46. g3 h5
47. h3 Kg7 48. g4 hxg4 49. hxg4 Kf7 50. Ke3 Kg7 51. Rd6 Kf7 52. Kd2 Kg7 53. Kc1
Ra4 54. Kd2 Ra3 55. Ke3 Kf7 56. Ke4 d2 57. Rxd2 Rxa6 58. Ke5 Ra5+ 59. Rd5 Rxd5+
60. Kxd5 Kf6 61. Kd6 Kg6 62. Ke6 Kh6 63. Kf6 Kh7 64. Kf5 Kh6 65. Kf6 Kh7 66.
Kxg5 Kg7 1/2-1/2

[Event "4NCL Division 2c"]
[Site "Hinckley Island ENG"]
[Date "2014.05.04"]
[Round "10.15"]
[White "James, Ann-Marie"]
[Black "Cenal Gutierrez, Ruben"]
[Result "1-0"]
[WhiteElo "2084"]
[BlackElo "2228"]
[PlyCount "65"]
[EventDate "2014.05.04"]
[WhiteTeam "Warwickshire Select 1"]
[BlackTeam "Hackney"]

1. e4 d6 2. d4 Nf6 3. Nc3 g6 4. Be3 Bg7 5. Qd2 Nbd7 6. Nf3 Ng4 7. Bg5 c5 8. h3
cxd4 9. Nxd4 Ngf6 10. Bh6 O-O 11. Bxg7 Kxg7 12. O-O-O Nc5 13. f3 Qa5 14. g4 Bd7
15. Kb1 Rfc8 16. Bg2 b5 17. g5 Nh5 18. Nde2 Ne6 19. f4 Bc6 20. Bf3 b4 21. Nd5
Bxd5 22. exd5 Nc5 23. Bxh5 Na4 24. Bg4 Rc5 25. b3 Nc3+ 26. Nxc3 bxc3 27. Qc1
Rb5 28. Rd4 Rb6 29. Rhd1 Qb5 30. R1d3 a5 31. a4 Qa6 32. Qe3 Rb4 33. Rxc3 1-0

[Event "4NCL Division 2c"]
[Site "Hinckley Island ENG"]
[Date "2014.05.04"]
[Round "10.16"]
[White "Eames, Robert S"]
[Black "Stepanyan, Henrik"]
[Result "1/2-1/2"]
[WhiteElo "2228"]
[BlackElo "2022"]
[PlyCount "83"]
[EventDate "2014.05.04"]
[WhiteTeam "Hackney"]
[BlackTeam "Warwickshire Select 1"]

1. e4 e5 2. f4 d5 3. exd5 exf4 4. Nf3 Bg4 5. d4 Qxd5 6. Bxf4 Nc6 7. c3 O-O-O 8.
Be2 Qe4 9. Bg3 Bd6 10. Bxd6 Rxd6 11. Nbd2 Qe7 12. O-O Nf6 13. Nc4 Re6 14. Bd3
Nd5 15. Qd2 Ne3 16. Nxe3 Rxe3 17. Ne5 Rxe5 18. dxe5 Nxe5 19. Bc2 f6 20. Qe3 Kb8
21. a4 Re8 22. Qf2 Be6 23. h3 Bc4 24. Rfd1 g5 25. b3 Ba6 26. Rd4 h5 27. Rad1 g4
28. Bf5 gxh3 29. Bxh3 b6 30. a5 Bb7 31. axb6 axb6 32. Rf1 Rg8 33. Qxf6 Qxf6 34.
Rxf6 Nf3+ 35. Rxf3 Bxf3 36. Kh2 Bc6 37. g4 hxg4 38. Bxg4 Re8 39. Rd3 Kb7 40. c4
Be4 41. Re3 Bc6 42. Rd3 1/2-1/2

[Event "4NCL Division 2c"]
[Site "Hinckley Island ENG"]
[Date "2014.05.04"]
[Round "10.17"]
[White "Shephard, Chris CW"]
[Black "Ociepka, Adrian"]
[Result "0-1"]
[WhiteElo "2174"]
[BlackElo "2115"]
[PlyCount "58"]
[EventDate "2014.05.04"]
[WhiteTeam "Warwickshire Select 1"]
[BlackTeam "Hackney"]

1. c4 e6 2. Nf3 d5 3. b3 c5 4. Bb2 Nc6 5. g3 Nf6 6. Bg2 Be7 7. O-O O-O 8. d3 b6
9. Nbd2 Bb7 10. a3 Qc7 11. e4 dxe4 12. dxe4 e5 13. Qe2 a5 14. a4 Nd4 15. Nxd4
cxd4 16. Kh1 Nd7 17. Rab1 Bb4 18. Ba1 Nc5 19. f3 Qd6 20. Rfd1 Rad8 21. Nf1 Qh6
22. g4 Rd6 23. Ng3 g6 24. Qa2 Qe3 25. Nf1 Qg5 26. Bb2 f5 27. Bc1 Qh4 28. exf5
gxf5 29. Qe2 fxg4 0-1

[Event "4NCL Division 2c"]
[Site "Hinckley Island ENG"]
[Date "2014.05.04"]
[Round "10.18"]
[White "Walker, Nicholas P"]
[Black "Lam, Paul GM"]
[Result "1-0"]
[WhiteElo "2177"]
[BlackElo "2119"]
[PlyCount "53"]
[EventDate "2014.05.04"]
[WhiteTeam "Hackney"]
[BlackTeam "Warwickshire Select 1"]

1. d4 f5 2. Bg5 Nf6 3. Bxf6 exf6 4. e3 d5 5. c4 Bb4+ 6. Nc3 O-O 7. Qb3 Bxc3+ 8.
bxc3 f4 9. cxd5 Re8 10. c4 fxe3 11. fxe3 c5 12. Nf3 Bg4 13. Kf2 Bxf3 14. gxf3
cxd4 15. exd4 f5 16. Rg1 Nc6 17. dxc6 Qxd4+ 18. Kg2 Qxa1 19. cxb7 Rad8 20. c5+
Kh8 21. Bb5 Rd2+ 22. Kh1 Qe5 23. Rg2 Qe1+ 24. Rg1 Qf2 25. Be2 Rdxe2 26. b8=Q
Re1 27. Qg3 1-0

[Event "4NCL Division 2c"]
[Site "Hinckley Island ENG"]
[Date "2014.05.04"]
[Round "10.21"]
[White "Hill, Alistair"]
[Black "Richardson, John R"]
[Result "0-1"]
[WhiteElo "2142"]
[BlackElo "2335"]
[PlyCount "70"]
[EventDate "2014.05.04"]
[WhiteTeam "Cambridge University 2"]
[BlackTeam "The AD's"]

1. e4 c6 2. d4 d5 3. f3 dxe4 4. fxe4 e5 5. Nf3 Bg4 6. c3 Nd7 7. Bd3 Bd6 8. O-O
Ngf6 9. h3 Bh5 10. Nbd2 b5 11. a4 a6 12. Qc2 O-O 13. b3 Qb6 14. Kh1 Bg6 15. Re1
Nh5 16. Nf1 Rae8 17. Be3 Qb7 18. Nh4 Re7 19. Nxg6 fxg6 20. Kg1 Bb8 21. b4 Qc7
22. axb5 axb5 23. Qb3+ Ref7 24. d5 Nf4 25. Bxf4 exf4 26. dxc6 Ne5 27. Be2 f3
28. gxf3 Kh8 29. Ra8 Nxf3+ 30. Bxf3 Rxf3 31. Rxb8 Rxf1+ 32. Rxf1 Qg3+ 33. Kh1
Qxh3+ 34. Kg1 Qxf1+ 35. Kh2 Qf4+ 0-1

[Event "4NCL Division 2c"]
[Site "Hinckley Island ENG"]
[Date "2014.05.04"]
[Round "10.22"]
[White "Wheeler, Darren P"]
[Black "Lee, Richard WY"]
[Result "1-0"]
[WhiteElo "2259"]
[BlackElo "2152"]
[PlyCount "102"]
[EventDate "2014.05.04"]
[WhiteTeam "The AD's"]
[BlackTeam "Cambridge University 2"]

1. e4 e5 2. Nf3 Nf6 3. Nxe5 d6 4. Nf3 Nxe4 5. d4 d5 6. Bd3 Nc6 7. O-O Be7 8. c4
Nf6 9. Nc3 O-O 10. Be3 Nb4 11. c5 Nxd3 12. Qxd3 Bg4 13. Ne5 Qc8 14. Bg5 c6 15.
h3 Bf5 16. Qd2 Re8 17. Rfe1 Ne4 18. Nxe4 Bxe4 19. Bxe7 Rxe7 20. Ng4 Qc7 21. f3
Bf5 22. Qg5 Be6 23. f4 Kf8 24. f5 f6 25. Nxf6 gxf6 26. Qh6+ Rg7 27. fxe6 Qg3
28. Qxf6+ Kg8 29. Qf2 Qxf2+ 30. Kxf2 Rf8+ 31. Kg1 Re7 32. Re5 Rf6 33. Rae1 Kg7
34. g3 h6 35. Kg2 Kg6 36. R1e2 Rf8 37. Rf2 Rb8 38. b4 b6 39. cxb6 Rxb6 40. a3
Ra6 41. Rf3 Ra4 42. h4 a5 43. bxa5 Rxa5 44. Ref5 Ra4 45. h5+ Kg7 46. Rf7+ Rxf7
47. Rxf7+ Kg8 48. Rf3 Ra7 49. Kf2 Re7 50. Rf6 Ra7 51. Rxh6 Rxa3 1-0

[Event "4NCL Division 2c"]
[Site "Hinckley Island ENG"]
[Date "2014.05.04"]
[Round "10.23"]
[White "Spencer, Carl J"]
[Black "Snape, Ian L"]
[Result "1/2-1/2"]
[WhiteElo "2190"]
[BlackElo "2206"]
[PlyCount "160"]
[EventDate "2014.05.04"]
[WhiteTeam "Cambridge University 2"]
[BlackTeam "The AD's"]

1. e4 c5 2. Nf3 d6 3. Bb5+ Nc6 4. O-O Bd7 5. Re1 Nf6 6. c3 a6 7. Bf1 Bg4 8. h3
Bxf3 9. Qxf3 g6 10. d3 Bg7 11. Na3 O-O 12. Nc2 Qa5 13. a4 Rac8 14. g4 Qc7 15.
Qg3 b5 16. axb5 axb5 17. Bd2 Ra8 18. Bg2 Ra5 19. Rxa5 Nxa5 20. f4 Rb8 21. Qf2
Nb3 22. Be3 b4 23. cxb4 cxb4 24. d4 Qc4 25. g5 Nd7 26. Bf1 Qc6 27. d5 Qc7 28.
Nd4 Nxd4 29. Bxd4 Bxd4 30. Qxd4 Qc5 31. Rd1 b3 32. Kf2 Rb4 33. Qxc5 Nxc5 34.
Bd3 Nxe4+ 35. Bxe4 Rxe4 36. Kf3 Rb4 37. Rd3 Kg7 38. Ke3 h6 39. h4 hxg5 40. hxg5
f6 41. Rd4 Rb8 42. Kd3 Kf7 43. Re4 Rb5 44. Kc4 Rc5+ 45. Kxb3 Rxd5 46. gxf6 Kxf6
47. Kc3 g5 48. fxg5+ Rxg5 49. b4 Kf7 50. Rh4 Ke6 51. Kc4 Kd7 52. Rh7 Re5 53.
Rh8 Kc6 54. Rc8+ Kb7 55. Re8 e6 56. Rd8 Kc7 57. Re8 Kd7 58. Rh8 Rf5 59. Rg8 Rh5
60. Rf8 Ke7 61. Rg8 Kd7 62. Rf8 Rh1 63. Kb5 e5 64. Rg8 e4 65. Kc4 Rd1 66. b5
Kc7 67. Re8 Kd7 68. Rg8 e3 69. Rg2 d5+ 70. Kc3 d4+ 71. Kc2 Rf1 72. Kd3 Rd1+ 73.
Kc2 Ra1 74. Kd3 Ra4 75. Rc2 Kd6 76. Ke4 Rb4 77. b6 Rxb6 78. Kxd4 Rb3 79. Re2
Ke6 80. Rxe3+ Rxe3 1/2-1/2

[Event "4NCL Division 2c"]
[Site "Hinckley Island ENG"]
[Date "2014.05.04"]
[Round "10.24"]
[White "Swindells, Jonathan E"]
[Black "Beckett, Chris J"]
[Result "0-1"]
[WhiteElo "2161"]
[BlackElo "2121"]
[PlyCount "64"]
[EventDate "2014.05.04"]
[WhiteTeam "The AD's"]
[BlackTeam "Cambridge University 2"]

1. e4 e6 2. Qe2 c5 3. f4 d5 4. exd5 Qxd5 5. Nc3 Qd8 6. Nf3 Nc6 7. Ne4 Nf6 8. c3
Be7 9. d3 O-O 10. Be3 Qd5 11. Nfg5 b6 12. g3 Bb7 13. Bg2 Qd7 14. O-O-O Rac8 15.
h4 Nd4 16. Nxf6+ Bxf6 17. Qh5 h6 18. Bxb7 Qxb7 19. Ne4 Be7 20. Kb1 g6 21. Qg4
h5 22. Qh3 Nf5 23. Bc1 Nh6 24. f5 Nxf5 25. g4 Ng7 26. gxh5 Nxh5 27. Ng3 Qf3 28.
Rdg1 Nf4 29. Bxf4 Qxf4 30. Ne4 c4 31. Rg4 Qf5 32. h5 g5 0-1

[Event "4NCL Division 2c"]
[Site "Hinckley Island ENG"]
[Date "2014.05.04"]
[Round "10.26"]
[White "Anderton, David W"]
[Black "Somerfield, Adrian P"]
[Result "1/2-1/2"]
[WhiteElo "2191"]
[BlackElo "2061"]
[PlyCount "95"]
[EventDate "2014.05.04"]
[WhiteTeam "The AD's"]
[BlackTeam "Cambridge University 2"]

1. d4 Nf6 2. c4 g6 3. g3 Bg7 4. Bg2 O-O 5. Nc3 d6 6. Nf3 Nc6 7. O-O a6 8. h3
Rb8 9. e4 b5 10. cxb5 axb5 11. Re1 b4 12. Na4 Na5 13. Bf4 Bb7 14. Qc2 h6 15.
Rac1 e6 16. b3 Bc6 17. Nb2 Qd7 18. Nd2 Rfc8 19. Ndc4 Nxc4 20. Nxc4 Bb5 21. Red1
g5 22. Be3 d5 23. Ne5 Qd8 24. f3 Rb6 25. Qf2 Nh5 26. Nd3 Bxd3 27. Rxd3 Nf6 28.
e5 Nd7 29. f4 c5 30. dxc5 Rbc6 31. Rd2 Qe7 32. Rdc2 Bf8 33. Qd2 gxf4 34. gxf4
Rb8 35. Kh2 f5 36. Bf3 Kh8 37. Rg1 Qf7 38. Qf2 Be7 39. Qe2 Rg8 40. Qb5 Rgc8 41.
Rcg2 Bxc5 42. Bh5 Qe7 43. Bxc5 Qxc5 44. Qxc5 Nxc5 45. Rg6 Kh7 46. Rg7+ Kh8 47.
R7g6 Kh7 48. Rg7+ 1/2-1/2

[Event "4NCL Division 2c"]
[Site "Hinckley Island ENG"]
[Date "2014.05.04"]
[Round "10.27"]
[White "Bamber, Elaine"]
[Black "Bellin, Jana M"]
[Result "1-0"]
[WhiteElo "2078"]
[BlackElo "2086"]
[PlyCount "69"]
[EventDate "2014.05.04"]
[WhiteTeam "Cambridge University 2"]
[BlackTeam "The AD's"]

1. e4 c5 2. Nf3 e6 3. d4 cxd4 4. Nxd4 a6 5. Nc3 Qc7 6. Bd3 Nc6 7. Nxc6 bxc6 8.
O-O Nf6 9. f4 d5 10. e5 Nd7 11. Qf3 g6 12. Kh1 Bg7 13. Bd2 a5 14. Rae1 O-O 15.
Ne2 Ba6 16. Qh3 Bxd3 17. cxd3 Rfb8 18. b3 a4 19. b4 c5 20. Rc1 Qb6 21. bxc5
Nxc5 22. Be3 Bf8 23. f5 exf5 24. Nf4 Rd8 25. Qf3 Qb5 26. Nxd5 Ne6 27. Nf6+ Kg7
28. d4 Nxd4 29. Bxd4 Rxd4 30. Qxa8 Qxe5 31. Ne8+ Kh6 32. Rce1 Rf4 33. Qc8 Bb4
34. Qc1 Bxe1 35. Qxf4+ 1-0

[Event "4NCL Division 2c"]
[Site "Hinckley Island ENG"]
[Date "2014.05.04"]
[Round "10.28"]
[White "Stockwell, Mark B"]
[Black "Gordon-Brown, Alexander J"]
[Result "1/2-1/2"]
[WhiteElo "1976"]
[BlackElo "2010"]
[PlyCount "166"]
[EventDate "2014.05.04"]
[WhiteTeam "The AD's"]
[BlackTeam "Cambridge University 2"]

1. d4 Nf6 2. c4 e6 3. Nc3 Bb4 4. e3 c5 5. Nge2 cxd4 6. exd4 d5 7. a3 Be7 8. c5
O-O 9. g3 b6 10. b4 a5 11. Rb1 axb4 12. axb4 bxc5 13. bxc5 Nc6 14. Bg2 e5 15.
dxe5 Nxe5 16. Bf4 Ng6 17. Be3 Bf5 18. Rb6 Rc8 19. Nxd5 Nxd5 20. Qxd5 Qxd5 21.
Bxd5 Bxc5 22. Rb7 Bxe3 23. fxe3 Ne5 24. Nd4 Rc1+ 25. Kd2 Rxh1 26. Bxh1 Nc4+ 27.
Ke2 Bg4+ 28. Bf3 Bxf3+ 29. Kxf3 Re8 30. Nf5 g6 31. Ne7+ Kf8 32. Nd5 Re5 33. Nb6
Rxe3+ 34. Kf2 Rc3 35. Nxc4 Rxc4 36. h4 Rc3 37. Ra7 Kg7 38. Rb7 Rc5 39. Ra7 Rf5+
40. Kg2 Rb5 41. Kf3 h5 42. Ra6 Rf5+ 43. Kg2 Re5 44. Kf3 Re6 45. Ra7 Kf6 46. Kf4
Rb6 47. Ke4 Ke6 48. Kf4 f6 49. Ra5 Rb4+ 50. Kf3 Rd4 51. Ke3 Rd5 52. Ra8 Kf5 53.
Kf3 Rd3+ 54. Kg2 Re3 55. Kf2 Rb3 56. Kg2 Rd3 57. Ra7 Rd4 58. Kf3 Rd5 59. Ra8
Re5 60. Rf8 Re6 61. Ra8 g5 62. hxg5 fxg5 63. Rh8 Rb6 64. Rf8+ Rf6 65. Rh8 Kg6+
66. Kg2 Rf7 67. Ra8 Kf5 68. Ra5+ Kg6 69. Ra6+ Rf6 70. Ra8 Re6 71. Rg8+ Kf5 72.
Ra8 Re3 73. Ra5+ Re5 74. Ra8 Re4 75. Kf3 g4+ 76. Kf2 Rd4 77. Rf8+ Ke4 78. Re8+
Kd3 79. Re5 Rc4 80. Rxh5 Rc2+ 81. Kf1 Ke3 82. Rf5 Rc1+ 83. Kg2 Rc2+ 1/2-1/2

[Event "4NCL Division 2c"]
[Site "Hinckley Island ENG"]
[Date "2014.05.04"]
[Round "10.31"]
[White "Merry, Alan B"]
[Black "Holland, James P"]
[Result "1/2-1/2"]
[WhiteElo "2296"]
[BlackElo "2260"]
[PlyCount "50"]
[EventDate "2014.05.04"]
[WhiteTeam "Anglian Avengers 1"]
[BlackTeam "BCM Dragons (1)"]

1. d4 d6 2. e4 e5 3. Nf3 Nf6 4. Nc3 Nc6 5. Bb5 Nd7 6. Be3 a6 7. Ba4 Be7 8. Nd5
O-O 9. Qe2 exd4 10. Bxd4 Nxd4 11. Nxd4 Nc5 12. Bb3 Bg5 13. O-O Re8 14. Nc3 Nxb3
15. axb3 d5 16. Rad1 c5 17. Nf3 d4 18. b4 Bd7 19. Qc4 Bg4 20. Qxc5 Bxf3 21.
Rxd4 Qf6 22. gxf3 Rac8 23. Qd6 Re6 24. Qd7 Rce8 25. Rd3 h5 1/2-1/2

[Event "4NCL Division 2c"]
[Site "Hinckley Island ENG"]
[Date "2014.05.04"]
[Round "10.32"]
[White "Thompson, Ian D"]
[Black "Munson, Shaun D"]
[Result "1-0"]
[WhiteElo "2213"]
[BlackElo "2163"]
[PlyCount "73"]
[EventDate "2014.05.04"]
[WhiteTeam "BCM Dragons (1)"]
[BlackTeam "Anglian Avengers 1"]

1. c4 e5 2. g3 c5 3. Bg2 Nc6 4. Nc3 g6 5. Nf3 Bg7 6. O-O Nge7 7. Ne1 d6 8. Nc2
O-O 9. Ne3 Rb8 10. d3 a6 11. a4 Nb4 12. Bd2 Be6 13. a5 f5 14. f4 exf4 15. gxf4
d5 16. cxd5 Nexd5 17. Ncxd5 Nxd5 18. Nc4 Qe7 19. Rc1 Rfd8 20. Qe1 Bf7 21. Qf2
Bd4 22. e3 Bf6 23. Ne5 Be8 24. d4 cxd4 25. exd4 Nb4 26. Qe3 Nc6 27. Bc3 Bh4 28.
d5 Nxe5 29. fxe5 Bg5 30. Qd4 h5 31. e6 Qh7 32. d6 Bxc1 33. Rxc1 Qh6 34. Re1 Bc6
35. e7 Re8 36. Qc4+ Kh7 37. Qf7+ 1-0

[Event "4NCL Division 2c"]
[Site "Hinckley Island ENG"]
[Date "2014.05.04"]
[Round "10.33"]
[White "Talsma, Paul A"]
[Black "Webb, Richard M"]
[Result "1/2-1/2"]
[WhiteElo "2172"]
[BlackElo "2263"]
[PlyCount "38"]
[EventDate "2014.05.04"]
[WhiteTeam "Anglian Avengers 1"]
[BlackTeam "BCM Dragons (1)"]

1. d4 Nf6 2. c4 g6 3. Nc3 d5 4. Nf3 Bg7 5. e3 O-O 6. cxd5 Nxd5 7. Bc4 Nb6 8.
Bb3 c5 9. O-O cxd4 10. exd4 Bg4 11. d5 N8d7 12. h3 Bxf3 13. Qxf3 Rc8 14. Re1
Ne5 15. Qe2 Re8 16. Bg5 Nec4 17. Rac1 Qd7 18. Na4 Nxa4 19. Bxa4 Qxa4 1/2-1/2

[Event "4NCL Division 2c"]
[Site "Hinckley Island ENG"]
[Date "2014.05.04"]
[Round "10.34"]
[White "Coates, Kenneth G"]
[Black "Spence, David J"]
[Result "1/2-1/2"]
[WhiteElo "2159"]
[BlackElo "2220"]
[PlyCount "50"]
[EventDate "2014.05.04"]
[WhiteTeam "BCM Dragons (1)"]
[BlackTeam "Anglian Avengers 1"]

1. d4 e6 2. Nf3 Nf6 3. Bf4 c5 4. c3 b6 5. e3 Bb7 6. Bd3 Be7 7. h3 O-O 8. O-O
cxd4 9. exd4 d6 10. Re1 Re8 11. Nbd2 Nbd7 12. Qe2 a6 13. a4 h6 14. Nc4 Qc7 15.
Bg3 Rad8 16. Ncd2 Nb8 17. Rac1 Bc6 18. b3 Qb7 19. c4 a5 20. Qe3 Na6 21. Bb1 Nb4
22. Red1 Nh5 23. Bh2 Nf6 24. Bg3 Nh5 25. Bh2 Nf6 1/2-1/2

[Event "4NCL Division 2c"]
[Site "Hinckley Island ENG"]
[Date "2014.05.04"]
[Round "10.35"]
[White "Mayhew, Andrew"]
[Black "Agafonov, Yuri"]
[Result "1-0"]
[WhiteElo "2102"]
[BlackElo "2209"]
[PlyCount "79"]
[EventDate "2014.05.04"]
[WhiteTeam "Anglian Avengers 1"]
[BlackTeam "BCM Dragons (1)"]

1. d4 Nf6 2. c4 e5 3. dxe5 Ng4 4. Bf4 g5 5. Bd2 Nxe5 6. Bc3 Nbc6 7. e3 Bb4 8.
Nf3 a5 9. Nxe5 Nxe5 10. Be2 d6 11. f4 gxf4 12. exf4 Ng4 13. O-O Rg8 14. Bxg4
Bxg4 15. Qe1+ Kf8 16. Bxb4 axb4 17. Qxb4 Qh4 18. Qd2 Be6 19. b3 b5 20. cxb5
Bxb3 21. Nc3 Bc4 22. Rf2 Qf6 23. Rc1 Ra3 24. Ne4 Qe6 25. Ng5 Rxg5 26. fxg5 Rxa2
27. Qd4 Rxf2 28. Qxf2 d5 29. h4 Qb6 30. Qxb6 cxb6 31. Kf2 Bxb5 32. Rb1 Bd3 33.
Rxb6 Be4 34. g3 Bf5 35. h5 Bg4 36. h6 Bf5 37. Ke3 Ke7 38. Kd4 Be4 39. Ke5 Kd7
40. Rb7+ 1-0

[Event "4NCL Division 2c"]
[Site "Hinckley Island ENG"]
[Date "2014.05.04"]
[Round "10.36"]
[White "Purdon, Colin"]
[Black "Gray, Mark S"]
[Result "1/2-1/2"]
[WhiteElo "2148"]
[BlackElo "2086"]
[PlyCount "138"]
[EventDate "2014.05.04"]
[WhiteTeam "BCM Dragons (1)"]
[BlackTeam "Anglian Avengers 1"]

1. d4 d5 2. c4 e6 3. Nc3 c6 4. Nf3 Nf6 5. e3 Nbd7 6. Bd3 dxc4 7. Bxc4 b5 8. Bd3
Bd6 9. O-O O-O 10. h3 Bb7 11. Qe2 a6 12. Rd1 Qb6 13. b3 c5 14. Bb2 cxd4 15.
Nxd4 Nc5 16. Bc2 Rac8 17. b4 Ncd7 18. a3 Ne5 19. Rac1 Nc4 20. Bb1 Ba8 21. Nb3
Qb7 22. f3 Qb6 23. Nd4 Bb8 24. Bd3 Qc7 25. f4 Qb7 26. Bxc4 Rxc4 27. Nb1 Rxc1
28. Rxc1 Rc8 29. Rxc8+ Qxc8 30. Nd2 e5 31. fxe5 Bxe5 32. N2f3 Bg3 33. Qc2 Qe8
34. Qd3 Be4 35. Qd2 Bb8 36. Ne2 Bb7 37. Qd4 Qd7 38. Qxd7 Nxd7 39. Bd4 f6 40.
Nc1 Kf7 41. Nb3 Ke6 42. Kf2 Kd5 43. Ke2 Bc7 44. Kd3 Ke6 45. e4 h5 46. Nc5+
Nxc5+ 47. Bxc5 g6 48. Bd4 f5 49. Ng5+ Ke7 50. Ke3 Bg3 51. exf5 gxf5 52. Nf3 Be4
53. Bh8 Kd6 54. Nd4 Be5 55. Bxe5+ Kxe5 56. g3 h4 57. Nf3+ Kf6 58. gxh4 Kg6 59.
Kf4 Kh5 60. Nd4 Bg2 61. Nxf5 Bxh3 62. Nd4 Kxh4 63. Ke5 Kg3 64. Kd6 Kf4 65. Kc5
Ke3 66. Nxb5 axb5 67. Kxb5 Kd4 68. Kc6 Kc4 69. b5 Bd7+ 1/2-1/2

[Event "4NCL Division 2c"]
[Site "Hinckley Island ENG"]
[Date "2014.05.04"]
[Round "10.37"]
[White "Player, Edmund C"]
[Black "Tavares, Shawn P"]
[Result "1/2-1/2"]
[WhiteElo "2246"]
[BlackElo "2126"]
[PlyCount "90"]
[EventDate "2014.05.04"]
[WhiteTeam "Anglian Avengers 1"]
[BlackTeam "BCM Dragons (1)"]

1. e4 c5 2. Nf3 d6 3. Bc4 e6 4. O-O Nf6 5. Qe2 Be7 6. c3 O-O 7. d3 Nc6 8. Bb3
b5 9. Nbd2 Bb7 10. Rd1 Qc7 11. Nf1 Rac8 12. h3 Ne5 13. Bc2 Ng6 14. Ng3 d5 15.
e5 Nd7 16. d4 cxd4 17. Bxg6 hxg6 18. cxd4 Qc4 19. Be3 Qxe2 20. Nxe2 Rc2 21. Rd2
Rc4 22. Rdd1 Rfc8 23. Rac1 f6 24. b3 Rc2 25. Rxc2 Rxc2 26. Rc1 Rxc1+ 27. Bxc1
b4 28. Kf1 Ba6 29. Ke1 Bd3 30. Bf4 g5 31. Bg3 Be4 32. Kd2 Kf7 33. Ne1 fxe5 34.
dxe5 a5 35. f3 Bb1 36. Nc1 Bc5 37. Nc2 Kg6 38. Bh2 Kh5 39. Bg3 Kg6 40. Bh2 Be7
41. Nd4 Kf7 42. Nc6 Bc5 43. Nxa5 Bd4 44. Nc6 Bc3+ 45. Ke2 Ke8 1/2-1/2

[Event "4NCL Division 2c"]
[Site "Hinckley Island ENG"]
[Date "2014.05.04"]
[Round "10.38"]
[White "Grieve, Harry"]
[Black "Taylor, Adam C"]
[Result "1/2-1/2"]
[WhiteElo "1683"]
[BlackElo "2094"]
[PlyCount "72"]
[EventDate "2014.05.04"]
[WhiteTeam "BCM Dragons (1)"]
[BlackTeam "Anglian Avengers 1"]

1. e4 e5 2. Bc4 Nf6 3. d3 Be7 4. Nd2 c6 5. Bb3 O-O 6. Ne2 d5 7. Ng3 Bg4 8. f3
Be6 9. Qe2 Nbd7 10. c3 Nc5 11. Bc2 dxe4 12. Ndxe4 Ncxe4 13. Nxe4 Nxe4 14. dxe4
Bc5 15. Be3 Qb6 16. Bxc5 Qxc5 17. Qf2 Qb5 18. b3 Rfd8 19. Qe3 c5 20. Kf2 a5 21.
Rhd1 a4 22. c4 Qb4 23. Qe1 Qa3 24. Qa5 Re8 25. Qc7 Qb2 26. Rac1 Qxa2 27. bxa4
Bxc4 28. Qxc5 Bb3 29. Kg3 Bxc2 30. Rxc2 Qxa4 31. Qc7 Qb3 32. Rd7 b5 33. Rc3 Qe6
34. Rc6 Qa2 35. Rc2 Qa6 36. Rc6 Qa2 1/2-1/2

[Event "4NCL Division 2c"]
[Site "Hinckley Island ENG"]
[Date "2014.05.04"]
[Round "10.41"]
[White "Beaumont, Chris R"]
[Black "Cooper, John G"]
[Result "1/2-1/2"]
[WhiteElo "2294"]
[BlackElo "2327"]
[PlyCount "47"]
[EventDate "2014.05.04"]
[WhiteTeam "Bristol 1"]
[BlackTeam "South Wales Dragons"]

1. c4 e6 2. Nf3 d5 3. g3 c5 4. Bg2 Nc6 5. cxd5 exd5 6. d4 Nf6 7. O-O Be7 8. Nc3
O-O 9. dxc5 Bxc5 10. a3 a5 11. Bg5 d4 12. Bxf6 Qxf6 13. Nd5 Qf5 14. Nd2 Rd8 15.
Nf4 Bd6 16. Nd3 Be6 17. Rc1 Bd5 18. Bxd5 Qxd5 19. Qb3 Qxb3 20. Nxb3 a4 21. Nbc5
Na5 22. Rc2 b5 23. Ne4 Bf8 24. Nd2 1/2-1/2

[Event "4NCL Division 2c"]
[Site "Hinckley Island ENG"]
[Date "2014.05.04"]
[Round "10.42"]
[White "Zeidler, Sven P"]
[Black "Rudd, Jack"]
[Result "0-1"]
[WhiteElo "2238"]
[BlackElo "2218"]
[PlyCount "68"]
[EventDate "2014.05.04"]
[WhiteTeam "South Wales Dragons"]
[BlackTeam "Bristol 1"]

1. e4 e5 2. Nf3 Nc6 3. Nc3 Nf6 4. a3 g6 5. Bc4 Bg7 6. d3 O-O 7. Be3 d6 8. h3
Ne7 9. d4 exd4 10. Bxd4 Nc6 11. Be3 Be6 12. Qe2 Nxe4 13. Nxe4 Bxc4 14. Qxc4 d5
15. Qb3 dxe4 16. Rd1 Qf6 17. Nd4 Rad8 18. c3 Nxd4 19. Bxd4 Qa6 20. Bxg7 Kxg7
21. h4 Rfe8 22. Rh3 Rd3 23. Rdxd3 exd3+ 24. Re3 Rd8 25. Kd2 c5 26. c4 Qf6 27.
Rf3 Qxh4 28. g3 Qg5+ 29. Re3 Qf5 30. f4 Qh3 31. Rxd3 Qg2+ 32. Ke1 Qg1+ 33. Ke2
Re8+ 34. Kf3 Qf1+ 0-1

[Event "4NCL Division 2c"]
[Site "Hinckley Island ENG"]
[Date "2014.05.04"]
[Round "10.43"]
[White "Dilleigh, Stephen P"]
[Black "Redmond, John P"]
[Result "1/2-1/2"]
[WhiteElo "2136"]
[BlackElo "2245"]
[PlyCount "58"]
[EventDate "2014.05.04"]
[WhiteTeam "Bristol 1"]
[BlackTeam "South Wales Dragons"]

1. Nf3 Nf6 2. c4 e6 3. g3 d5 4. Bg2 Be7 5. O-O O-O 6. b3 c5 7. Bb2 Nc6 8. e3
dxc4 9. bxc4 Qc7 10. Nc3 Rd8 11. Qe2 a6 12. Rfd1 b6 13. Ne1 Bb7 14. g4 Na7 15.
a4 Bxg2 16. Nxg2 Ne8 17. h4 Rab8 18. Rab1 Nc6 19. g5 Nd6 20. f4 Nb4 21. Ne1 Qc6
22. d3 b5 23. axb5 axb5 24. cxb5 Nxb5 25. Nxb5 Rxb5 26. e4 Rdb8 27. Be5 Bd6 28.
Nf3 Bxe5 29. Nxe5 Qd6 1/2-1/2